| 000 | 00391nam a2200157Ia 4500 | ||
|---|---|---|---|
| 100 | _aMc Gowan/Kevin | ||
| 650 | _aSemiconductor | ||
| 942 | _cBK | ||
| 366 | _f25 | ||
| 654 | _asemiconductor | ||
| 245 | _aSemiconductor from Book to Breadboard: Complete textbook/LabManual | ||
| 260 |
_bDelmar/Cengage _c2012 |
||
| 082 |
_a621.3815 _bMCG |
||
| 300 | _a320 | ||
| 546 |
_aENGLISH _cPAMPHALETS |
||
| 999 |
_c20868 _d20868 |
||